| 000 | 01937nam a2200289Ia 4500 | ||
|---|---|---|---|
| 999 |
_c46506 _d46506 |
||
| 001 | 13345 | ||
| 003 | GE_BSU | ||
| 005 | 20240904142441.0 | ||
| 008 | 181216s2014||||ge |||||||||||||| ||geo|| | ||
| 020 | _a978994133510 | ||
| 040 | _cGE_BSU | ||
| 041 | _ageo | ||
| 080 | _a811.112 ტ-52 | ||
| 245 |
_aტექსტზე ორიენტირებულიკვლევები = Textorientierte Studien : _bსტატიების კრებული : ეძღვნება პროფ. ვიოლა ფურცელაძის 85 წლის იუბილეს / _cივანე ჯავახიშვილის სახ. თსუ, გერმანული ფილოლოგიის დეპარტამენტი ; რედ. ლალი ქეცბა-ხუნდაძე. |
||
| 264 |
_aთბილისი : _bთბილისის სახ.უნ-ტი, _c2014. |
||
| 300 |
_a480 გვ. : _bპორტრ. ; _c26 სმ. |
||
| 500 | _aპარალ. თავფურ. გერმანულ ენაზე | ||
| 504 | _aბიბლიოგრ. სტატიების ბოლოს | ||
| 520 | _aრეზიუმე გერმანულ და ინგლისურ ენაზე | ||
| 653 | _aტექსტზე ორიენტირებულიკვლევები | ||
| 653 | _aსტატიების კრებული | ||
| 653 | _aტექსტის ლინგვისტიკა | ||
| 653 | _aგერმანული ტექსტის ლინგვისტიკა | ||
| 700 |
_aეცბა-ხუნდაძე, ლალი _eრედაქტორი _923156 |
||
| 710 |
_aივანე ჯავახიშვილის სახ. თსუ _bგერმანული ფილოლოგიის დეპარტამენტი _923157 |
||
| 942 |
_cBK _2udc |
||